000
00205nam a2200085Ia 4500
008
120527s9999 xx 000 0 und d
100
_a
LUNSFORD, et al
245
_a
The new St. martin's Handbook
942
_c
BK
999
_c
25558
_d
25558